000 01003nam a22002177a 4500
999 _c974
_d974
003 AR-CdUCM
008 190226b ||||| |||| 00| 0 spa d
040 _aMUNICIPALIDAD PROVINCIAL DEL CUSCO
_cBIBLIOTECA MUNICIPAL DEL CUSCO
082 _a344.09 /
_bT16
100 _aTalancha Crespo, Eliseo
_93804
245 _aLos delitos culturales /
260 _aHuanuco :
_bKOTOSH ,
_c1993.
300 _a171 páginas ;
_c20 cm.
_e3 cuadros de porcentajes
505 _aVisión histórica y jurídica de los delitos contra el patrimonio cultural -- Antecedentes legislativos de los delitos contra el patrimonio cultural -- Los delitos contra el patrimonio cultural en el derogado cogido penal de 1924 -- Los delitos contra e patrimonio cultural en el vigente código penal de 1991...
650 _aPatrimonio Cultural.
_93805
650 _aDelitos patrimoniales.
_93806
650 _aCódigo penal patrimonial.
_93807
650 _aDelitos culturales.
_93808
942 _2ddc
_cLIBROS
945 _awfj
_d2019-02-26